Please, make me cry! / (Запис № 537305)
[ простий вигляд ]
| 000 -LEADER | |
|---|---|
| fixed length control field | 01229cam a2200277Li 4500 |
| 001 - CONTROL NUMBER | |
| control field | pleasemakemecry00rodr |
| 003 - CONTROL NUMBER IDENTIFIER | |
| control field | CaSfIA |
| 005 - DATE AND TIME OF LATEST TRANSACTION | |
| control field | 20210118210806.0 |
| 007 - PHYSICAL DESCRIPTION FIXED FIELD--GENERAL INFORMATION | |
| fixed length control field | cr|||| |
| 008 - FIXED-LENGTH DATA ELEMENTS--GENERAL INFORMATION | |
| fixed length control field | 990830s1974 xxu g 000 0 eng d |
| 040 ## - CATALOGING SOURCE | |
| Original cataloging agency | ZWZ |
| Description conventions | ncafnor |
| Language of cataloging | fre |
| Transcribing agency | ZWZ |
| Modifying agency | CaSfIA |
| 020 ## - INTERNATIONAL STANDARD BOOK NUMBER | |
| International Standard Book Number | 0883680424 |
| 020 ## - INTERNATIONAL STANDARD BOOK NUMBER | |
| International Standard Book Number | 9780883680421 |
| 035 ## - SYSTEM CONTROL NUMBER | |
| System control number | (OCoLC)491866486 |
| 029 0# - (OCLC) | |
| OCLC library identifier | ZWZ |
| System control number | 062417010 |
| 100 1# - MAIN ENTRY--PERSONAL NAME | |
| Personal name | Rodriguez, Cookie. |
| 245 10 - TITLE STATEMENT | |
| Title | Please, make me cry! / |
| Medium | [electronic resource] |
| Statement of responsibility, etc | by Cookie Rodriguez with Betty Schonauer. |
| 260 ## - PUBLICATION, DISTRIBUTION, ETC. (IMPRINT) | |
| Place of publication, distribution, etc | Monroeville : |
| Name of publisher, distributor, etc | Whitaker, |
| Date of publication, distribution, etc | cop. 1974. |
| 300 ## - PHYSICAL DESCRIPTION | |
| Extent | 222 p. : |
| Other physical details | couv. ill. en coul. ; |
| Dimensions | 18 cm. |
| 506 ## - RESTRICTIONS ON ACCESS NOTE | |
| Standardized terminology for access restriction | Необхідна авторизація на https://archive.org/ (створення облікового запису безкоштовно) |
| 506 ## - RESTRICTIONS ON ACCESS NOTE | |
| Standardized terminology for access restriction | Необхідна авторизація на https://openlibrary.org/ (створення облікового запису безкоштовно) |
| 700 1# - ADDED ENTRY--PERSONAL NAME | |
| Personal name | Schonauer, Betty. |
| 856 41 - ELECTRONIC LOCATION AND ACCESS | |
| Uniform Resource Identifier | <a href="http://www.archive.org/details/pleasemakemecry00rodr">http://www.archive.org/details/pleasemakemecry00rodr</a> |
| Public note | Free eBook from the Internet Archive |
| 856 42 - ELECTRONIC LOCATION AND ACCESS | |
| Uniform Resource Identifier | <a href="http://www.openlibrary.org/books/OL8181445M">http://www.openlibrary.org/books/OL8181445M</a> |
| Public note | Additional information and access via Open Library |
| 942 ## - ADDED ENTRY ELEMENTS (KOHA) | |
| Koha item type | ЕКнига |
Немає доступних примірників.